Λογιστική : θεωρητική και εφηρμοσμένη

Saved in:
Bibliographic Details
Main Author: Σαχίνης, Ιωάννης Γ.
Format: Book
Language:Greek
Published: Εν Αθήναις : Βιβλιοπωλείον της "Εστίας", 1948-1949.
Edition:2η έκδ., βελτιωμένη και επηυξημένη.
Subjects:
Tags: Add Tag
No Tags, Be the first to tag this record!

MARC

LEADER 00000cam a2200000 i 4500
001 1/14
008 130819m19481949gr | | | |||| ||gre||
035 |l 10119717 
040 |a GR-MyUa  |b gre  |e AACR2 
041 0 |a gre 
082 7 |a 657   |2 (23) 
100 1 |a Σαχίνης, Ιωάννης Γ. 
245 1 0 |a Λογιστική :   |b θεωρητική και εφηρμοσμένη /   |c Ιωάννου Γ. Σαχίνη. 
250 |a 2η έκδ., βελτιωμένη και επηυξημένη. 
260 |a Εν Αθήναις :   |b Βιβλιοπωλείον της "Εστίας",   |c 1948-1949. 
300 |a 2 τ. :   |b πίν. ;   |c 24 εκ. 
500 |a "Πρός χρήσιν των σπουδαστών των ανωτέρων τάξεων των εμπορικών σχολών και των περί τα λογιστικά ασχολούμενων" 
500 |a Στο εξώφυλλο ιδιόχειρη αφιέρωση "κ. Ιωάν. Αδαμόπουλο Καρλόβασι Σάμος" και σφραγίδα "ΤΙΜΗΣ ΕΝΕΚΕΝ". Στη σ.τ. ιδιόχειρη αφιέρωσις "Στόν αξιότιμον Συνάδελφον κ. Ιωάνν. Αδαμόπουλο τιμής ένεκεν Ι. Σαχινίδης" και σφραγίδα "ΤΙΜΗΣ ΕΝΕΚΕΝ". 
505 8 |a Τ. 2. τεύχος α. Λογιστική εταιρικών επιχειρήσεων κι άλλων γενικών θεμάτων -- τ. 2. τεύχος β. Λογιστική ανωνύμων εταιρειών και άλλων συναφών θεμάτων. 
650 0 |a Accounting. 
740 0 |a Λογιστική ανωνύμων εταιρειών και άλλων συναφών θεμάτων. 
740 0 |a Λογιστική εταιρικών επιχειρήσεων κι άλλων γενικών θεμάτων. 
852 |a INST  |b SAMOS  |c PORFYRIADA  |e 20141111  |h 657 ΣΑΧ  |p 005300037157  |q 005300037157  |t NOLOAN  |y 23  |z τ.2:τευχ.1 
852 |a INST  |b SAMOS  |c PORFYRIADA  |e 20130819  |h 657 ΣΑΧ  |p 005300040399  |q 005300040399  |t NOLOAN  |y 23  |z τ.2:τευχ.2 
852 |a INST  |b SAMOS  |c PORFYRIADA  |e 20141111  |h 657 ΣΑΧ  |p 005300037157  |q 005300037157  |t NOLOAN  |v τ. .2;τεύχ. .1:  |y 23  |z τ.2:τευχ.1 
852 |a INST  |b SAMOS  |c PORFYRIADA  |e 20130819  |h 657 ΣΑΧ  |p 005300040399  |q 005300040399  |t NOLOAN  |v τ. .2;τεύχ. .2:  |y 23  |z τ.2:τευχ.2 
853 |a INST  |b SAMOS  |c PORFYRIADA  |h 657 ΣΑΧ 
901 |a BIBL3-2014-3 
970 |a ΚΟΣΙΕΡΗΣ  |b ΧΡΗΣΤΟΣ  |z 2013/07/08